| Поле | Инд. | ПП | Название | Значение |
|---|---|---|---|---|
| Тип записи | m | |||
| Библиографический уровень | m | |||
| 001 | Контрольный номер | 77253005e8e94e148ac9625f1d1034ba | ||
| 005 | Дата корректировки | 20230131084514.9 | ||
| 008 | Кодируемые данные | 181019|||||||||ru |||||||||||||||||rus|| | ||
| 040 | b | Код языка каталог. | rus | |
| e | Правила каталог. | PSBO | ||
| 041 | 0_ | a | Код языка текста | rus |
| 084 | a | Индекс другой классификации/Индекс ББК | 22.3+20 | |
| 090 | x | Авторский знак | Ф 50 | |
| 245 | 10 | a | Заглавие | Физика и естествознание |
| b | Продолж. заглавия | Конспект лекций (для направления подгот. 27.03.05 "Инноватика") | ||
| c | Ответственность | М-во образования и науки, ФГБОУ ВО "Мурман. гос. техн. ун-т", Каф. общ. и приклад.физики ; сост. В. С. Гнатюк, Н. Н. Морозов | ||
| h | Физич. носитель | Электронный ресурс | ||
| 256 | a | Характеристики компьютерного файла | Электрон. текстовые дан. (1 файл : 1,53 Мб) | |
| 260 | a | Место издания | Мурманск | |
| b | Издательство | Изд-во МГТУ | ||
| c | Дата издания | 2018 | ||
| 500 | 10 | a | Примечание | Доступ из локальной сети Мурман. гос. техн. ун-та. - Загл. с экрана |
| 583 | x | Служебное примечание | Полнотекстовые документы | |
| x | Служебное примечание | Труды преподавателей МГТУ | ||
| x | Служебное примечание | Инноватика. ВПО | ||
| x | Служебное примечание | Без печатного варианта | ||
| z | Открытое примечание | 27.03.05 | ||
| 653 | 1_ | a | Ключевые слова | Методические указания; Естествознание; Труды преподавателей МГТУ; Физика; Электронные версии |
| 700 | 12 | a | Другие авторы | Гнатюк В. С. |
| e | Роль лиц | Составитель | ||
| 700 | 12 | a | Другие авторы | Морозов Н. Н. |
| e | Роль лиц | Составитель | ||
| 856 | 0_ | u | URL | https://elib.mauniver.ru/2018/M_18_154.pdf |
| 901 | t | Тип документа | m | |
| 952 | c | Вид литературы | учебно-методическое издание |